1766 1604 1448 1416 1697 1578 1750 1485 1708 1513 1211 1496 1276 1575 1324 1495 1038 1638 1712 1088 1348 1703 1055 1067 1632 1382 1361 1568 1830 1490 1713 1243 1084 1238 1935 1205 1993 1380 1096 1811 1027 1571 1070 1025 1280 1054 1501 1745 1178 1382 1309 1395 1495 1350 1222 1319 1354 1638 1027 1326 1179 1301 1678 1266 1028 1969 1235 1640 1138 1322 1150 1610 1531 1930 1911 1867 1636 1772 1213 1169 1687 1580 1502 1654 1208 1001 1617 1865 1859 1706 1049 1860 1740 1999 1670 1194 1305 1279 1993 BCNSPRNW ULIB Ver.6.0+V

เปลี่ยนเป็นภาษาไทย

Change to English
 แสดงรายละเอียดบรรณานุกรม
  กลับหน้าหลัก

Brief Record : Get Marc (ISO 2709) : E-mail record : QR code < ปิดหน้าต่าง
LEADER : 00000nam 2200000uu 4500
001    13399128315
003     ULIB
008    230607s2565||||th 000 0 tha d
020    ^a9786165933711
060 04 ^aWS420^bก491
245 00 ^aการประเมินภาวะสุขภาพทารกแรกเกิด /^cบรรณาธิการ, เกรียงศักดิ์จีระแพทย์, วีณา จีระแพทย์
250    ^aพิมพ์ครั้งที่ 4 (ฉบับปรับปรุง)
260    ^aกรุงเทพฯ :^bภาควิชากุมารเวชศาสตร์ คณะแพทยศาสตร์ศิริราชพยาบาลมหาวิทยาลัยมหิดล,^c2565
300    ^a268 หน้า :^bภาพประกอบ ;^c27 ซม.
650  4 ^aการตรวจร่างกาย^xในวัยทารกและวัยเด็ก
650  4 ^aทารกแรกเกิด
650  4 ^aสุขภาพ^xการประเมิน
650  4 ^aรางวัลตำราศิริราช-มหิดล
653    ^aผลงานอาจารย์คณะแพทยศาสตร์ศิริราชพยาบาล
700 0  ^aเกรียงศักดิ์ จีระแพทย์,^eบรรณาธิการ
700 0  ^aวีณา จีระแพทย์,^eบรรณาธิการ
710 2  ^aมหาวิทยาลัยมหิดล.^bคณะแพทยศาสตร์ศิริราชพยาบาล.^bภาควิชากุมารเวชศาสตร์
945    ^p750^l0^i009565
945    ^p750^l0^i009566
945    ^p750^l0^i009567
945    ^p750^l0^i009569
945    ^p750^l0^i009570
945    ^p750^l0^i009571
945    ^p750^l0^i009572
945    ^p750^l0^i009573
945    ^p750^l0^i009574
945    ^p750^l0^i009575
945    ^p750^l0^i009576
945    ^p750^l0^i009577
945    ^p750^l0^i009578
945    ^p750^l0^i009579
945    ^p750^l0^i009580
999    ^aประนอม เกษจรัล
รายการนี้ยังไม่มีแท็ก
คุณยังไม่ได้ล็อกอิน คุณสามารถมีกิจกรรมร่วมกับเว็บไซต์ได้ แต่ต้องล็อกอินก่อน ::
  ล็อกอิน

รายการสื่อสารสนเทศ

ลำดับที่ ประเภท เลขเรียก/บาร์โค้ด สถานที่ สถานะ
1. วิทยาศาสตร์การแพทย์ และสุขภาพ
หนังสือสำรอง
สถานะ=หนังสือสำรอง
WS420 ก491 ฉ.1 
  Barcode: 009565
ห้องสมุดวิทยาเขตสวรรค์ประชารักษ์
►หนังสือทั่วไป
ถูกยืม กำหนดส่งวันที่ 31 พฤษภาคม 2569
  จอง
2. วิทยาศาสตร์การแพทย์ และสุขภาพ
วิทยาศาสตร์การแพทย์ และสุขภาพ
WS420 ก491 ฉ.10 
  Barcode: 009575
ห้องสมุดวิทยาเขตสวรรค์ประชารักษ์
►หนังสือทั่วไป
บนชั้น
3. วิทยาศาสตร์การแพทย์ และสุขภาพ
วิทยาศาสตร์การแพทย์ และสุขภาพ
WS420 ก491 ฉ.11 
  Barcode: 009576
ห้องสมุดวิทยาเขตสวรรค์ประชารักษ์
►หนังสือทั่วไป
บนชั้น
4. วิทยาศาสตร์การแพทย์ และสุขภาพ
วิทยาศาสตร์การแพทย์ และสุขภาพ
WS420 ก491 ฉ.12 
  Barcode: 009577
ห้องสมุดวิทยาเขตสวรรค์ประชารักษ์
►หนังสือทั่วไป
บนชั้น
5. วิทยาศาสตร์การแพทย์ และสุขภาพ
วิทยาศาสตร์การแพทย์ และสุขภาพ
WS420 ก491 ฉ.13 
  Barcode: 009578
ห้องสมุดวิทยาเขตสวรรค์ประชารักษ์
►หนังสือทั่วไป
บนชั้น
6. วิทยาศาสตร์การแพทย์ และสุขภาพ
วิทยาศาสตร์การแพทย์ และสุขภาพ
WS420 ก491 ฉ.14 
  Barcode: 009579
ห้องสมุดวิทยาเขตสวรรค์ประชารักษ์
►หนังสือทั่วไป
บนชั้น
7. วิทยาศาสตร์การแพทย์ และสุขภาพ
วิทยาศาสตร์การแพทย์ และสุขภาพ
WS420 ก491 ฉ.15 
  Barcode: 009580
ห้องสมุดวิทยาเขตสวรรค์ประชารักษ์
►หนังสือทั่วไป
บนชั้น
8. วิทยาศาสตร์การแพทย์ และสุขภาพ
วิทยาศาสตร์การแพทย์ และสุขภาพ
WS420 ก491 ฉ.2 
  Barcode: 009566
ห้องสมุดวิทยาเขตสวรรค์ประชารักษ์
►หนังสือทั่วไป
บนชั้น
9. วิทยาศาสตร์การแพทย์ และสุขภาพ
วิทยาศาสตร์การแพทย์ และสุขภาพ
WS420 ก491 ฉ.3 
  Barcode: 009567
ห้องสมุดวิทยาเขตสวรรค์ประชารักษ์
►หนังสือทั่วไป
บนชั้น
10. วิทยาศาสตร์การแพทย์ และสุขภาพ
วิทยาศาสตร์การแพทย์ และสุขภาพ
WS420 ก491 ฉ.4 
  Barcode: 009569
ห้องสมุดวิทยาเขตสวรรค์ประชารักษ์
►หนังสือทั่วไป
บนชั้น
11. วิทยาศาสตร์การแพทย์ และสุขภาพ
วิทยาศาสตร์การแพทย์ และสุขภาพ
WS420 ก491 ฉ.5 
  Barcode: 009570
ห้องสมุดวิทยาเขตสวรรค์ประชารักษ์
►หนังสือทั่วไป
บนชั้น
12. วิทยาศาสตร์การแพทย์ และสุขภาพ
วิทยาศาสตร์การแพทย์ และสุขภาพ
WS420 ก491 ฉ.6 
  Barcode: 009571
ห้องสมุดวิทยาเขตสวรรค์ประชารักษ์
►หนังสือทั่วไป
บนชั้น
13. วิทยาศาสตร์การแพทย์ และสุขภาพ
วิทยาศาสตร์การแพทย์ และสุขภาพ
WS420 ก491 ฉ.7 
  Barcode: 009572
ห้องสมุดวิทยาเขตสวรรค์ประชารักษ์
►หนังสือทั่วไป
บนชั้น
14. วิทยาศาสตร์การแพทย์ และสุขภาพ
วิทยาศาสตร์การแพทย์ และสุขภาพ
WS420 ก491 ฉ.8 
  Barcode: 009573
ห้องสมุดวิทยาเขตสวรรค์ประชารักษ์
►หนังสือทั่วไป
บนชั้น
15. วิทยาศาสตร์การแพทย์ และสุขภาพ
วิทยาศาสตร์การแพทย์ และสุขภาพ
WS420 ก491 ฉ.9 
  Barcode: 009574
ห้องสมุดวิทยาเขตสวรรค์ประชารักษ์
►หนังสือทั่วไป
บนชั้น

รายการใกล้เคียง
    หัวเรื่อง [ทารกแรกเกิด]
    หัวเรื่อง [สุขภาพ การประเมิน]
    หัวเรื่อง [รางวัลตำราศิริราช-มหิดล]

BibComment


ยังไม่เคยถูกคอมเมนท์

คอมเมนท์ทรัพยากรรายการนี้
  คอมเมนท์: การประเมินภาวะสุ..


 Copyright 2026. Bcnsprnw @Library